Guía de la necrópolis Cristóbal Colón de La Habana /

Guía con seis itinerarios propuestos para conocer el cementerio Cristóbal Colón de La Habana, que abunda en monumentos funerarios neoclásicos y de los estilos de principios del siglo XX, como el art-decó.

Kaydedildi:
Detaylı Bibliyografya
Diğer Yazarlar: Medina Fernández, Antonio (asesoría) (asesoría)
Materyal Türü: Kitap
Dil:İspanyolca
Baskı/Yayın Bilgisi: Barcelona, España : Com-Relieve : Escudo de Oro, 1999, c1999
Edisyon:2a edición
Konular:
Etiketler: Etiketle
Etiket eklenmemiş, İlk siz ekleyin!

MARC

LEADER 00000nam^a2200000^a^4500
001 000154494
005 20250521000000.0
009 20260310100354.789
020 |a 84-378-2086-3 
037 |a Acervo ITESO - Biblioteca 
041 |a ESP 
082 |a 720. 9729123  |b GUI 
245 0 0 |a Guía de la necrópolis Cristóbal Colón de La Habana /  |c Asesoría de A. Medina Fernández. 
250 |a 2a edición 
264 4 |a Barcelona, España :  |b Com-Relieve :  |b Escudo de Oro,  |c 1999, c1999 
300 |a 160 p. 
336 |a texto  |b txt  |2 rdacontenido 
337 |a sin mediación  |b n  |2 rdamedio 
338 |a volumen  |b nc  |2 rdasoporte 
520 |a Guía con seis itinerarios propuestos para conocer el cementerio Cristóbal Colón de La Habana, que abunda en monumentos funerarios neoclásicos y de los estilos de principios del siglo XX, como el art-decó. 
649 |a XX 
650 |a Cementerios -  |z La Habana, Cuba -  |x Historia 
650 |a Cementerios -  |z Cuba -  |x Historia 
650 |a Arquitectura Funeraria -  |z La Habana, Cuba 
650 |a Arquitectura Funeraria -  |z Cuba 
650 |a Arquitectura Cubana 
650 |a Arte Funerario -  |z La Habana, Cuba 
650 |a Arte Funerario -  |z Cuba 
650 |a Arte Cubano 
650 |a Muerte -  |z La Habana, Cuba 
650 |a Muerte -  |z Cuba 
650 |a La Habana, Cuba -  |x Historia -  |y Siglo XIX 
650 |a Cuba -  |x Historia -  |y Siglo XIX 
650 |a La Habana, Cuba -  |x Historia -  |y Siglo XX 
650 |a Cuba -  |x Historia -  |y Siglo XX 
650 |a La Habana, Cuba -  |x Descripción 
650 |a Cuba -  |x Descripción 
700 |a Medina Fernández, Antonio  |e (asesoría) 
910 |a Fondo General 
920 |a Impresos - Libros 
930 |a Colección General 
905 |a 101 
901 |a 0500086027  |b IT1  |c ACC  |u 20250521 
902 |a https://opac.biblio.iteso.mx/vufind/Record/000154494